000 00822nam a2200241Ia 4500
003 OSt
005 20220918204402.0
006 a|||||r|||| 00| 0
007 ta
008 220917b |||||||| |||| 00| 0 eng d
024 _a112,434
037 _cTextual
040 _aARTS
_cARTS
_beng
041 _2eng
_aeng
082 _aV52:8-19:N14<-N08, 121J2.12
110 _aAffari Esteri (Ministero Degli), Document Diplomatici (Commissione per la publicazione-) (Italy)
_9111835
245 0 _aDocumenti diplomatici Italianai Quarta series
_b 1908-1914
260 _c1952
650 _aHISTORY
700 _aAffari Esteri (Ministero Degli), Document Diplomatici (Commissione per la publicazione-) (Italy)
_9111836
942 _hV52:8-19:N14<-N08, 121J2.12
_cTEXL
_2CC
999 _c235783
_d235783